书目信息 |
| 题名: |
巴黎圣母院
|
|
| 作者: | 雨果 著 ;施康强 , 张新木 译 | |
| 分册: | ||
| 出版信息: | 南京 译林出版社 1995.10 |
|
| 页数: | 468页 | |
| 开本: | 21cm | |
| 丛书名: | 世界文学名著 | |
| 单 册: | ||
| 中图分类: | I565.44 | |
| 科图分类: | ||
| 主题词: | 长篇小说--chang pian xiao shuo--法国--近代 | |
| 电子资源: | ||
| ISBN: | 7-80567-432-9 | |
| 000 | 01247nam 2200301 450 | |
| 001 | 012008192847 | |
| 005 | 20080508093459.09 | |
| 010 | @a7-80567-432-9@b精装@dCNY20.00 | |
| 100 | @a20080508d1995 em y0chiy0120 ea | |
| 101 | 1 | @achi@cfre |
| 102 | @aCN@b320000 | |
| 105 | @ay z 000ay | |
| 106 | @ar | |
| 200 | 1 | @a巴黎圣母院@Aba li sheng mu yuan@d= Notre-Dame de Paris@f(法) 雨果著@F(fa)yu guo zhu@g施康强, 张新木译@Gshi kang qiang,zhang xin mu yi@zeng |
| 210 | @a南京@c译林出版社@d1995.10 | |
| 215 | @a468页@d21cm | |
| 225 | 2 | @a世界文学名著@Ashi jie wen xue ming zhu@i古典系列 |
| 305 | @a据法国Classique Garnier 1959年版译出 | |
| 330 | @a小说以吉卜赛女郎悲惨的爱情故事为线索,生动地揭露了宗教的虚伪与罪恶,赞颂了底层劳动人民的优秀品质和反抗精神,展示了法国社会善与恶、美与丑、爱情与俗念、民主与专制、贫穷与富有的矛盾冲突,具有鲜明的反封建、反教会的主题思想。 | |
| 410 | 0 | @12001 @a世界文学名著@i古典系列 |
| 500 | 10 | @aNotre-Dame de Paris@mChinese |
| 606 | 0 | @a长篇小说@Achang pian xiao shuo@y法国@z近代 |
| 690 | @aI565.44@v4 | |
| 701 | 1 | @a雨果@Ayu guo@g(Hugo, Victor)@4著 |
| 702 | 0 | @a施康强@Ashi kang qiang@4译 |
| 702 | 0 | @a张新木@Azhang xin mu@4译 |
| 801 | 0 | @aCN@bQSSK@c20080508 |
| 905 | @b706078@dI565.44@eY830@f1 | |
| 巴黎圣母院= Notre-Dame de Paris/(法) 雨果著/施康强, 张新木译.-南京:译林出版社,1995.10 |
| 468页;21cm.-(世界文学名著.古典系列) |
| ISBN 7-80567-432-9(精装):CNY20.00 |
| 小说以吉卜赛女郎悲惨的爱情故事为线索,生动地揭露了宗教的虚伪与罪恶,赞颂了底层劳动人民的优秀品质和反抗精神,展示了法国社会善与恶、美与丑、爱情与俗念、民主与专制、贫穷与富有的矛盾冲突,具有鲜明的反封建、反教会的主题思想。 |
| ● |
| 相关链接 |
|
|
|
正题名:巴黎圣母院
索取号:I565.44/Y830
 
预约/预借
| 序号 | 登录号 | 条形码 | 馆藏地/架位号 | 状态 | 备注 |